000 00220nas a2200097Ia 4500
022 _a0019-5413
245 _aIndian Journal of Orthopedics
260 _c2010
_aINDIA
_bWOLTER KLUWER
310 _aBIO-MONTHLY
942 _2ddc
_cLJ
999 _c6189
_d6189